000 004380000a22001810004500
003 MACL
005 20160105114507.0
008 160105b xxu||||| |||| 00| 0 eng d
040 _aMACL
_cMACL
041 _aEnglish
082 _a823/ANS
100 _aAnsal, Kusum
_927738
245 _aSing Me no Songs
260 _bVikash Publishing House
_c1982
_aGhaziabad
350 _a50
650 _aFiction
_927739
942 _cBK
_k823/Ans
_2ddc
999 _c34132
_d34132